parole "Ton sauveur" Kpop demon hunter - Statistiques

Statistiques générales
  • Ce quiz a été pris 212 fois
  • Le résultat moyen est 182 sur 240
Statistiques - réponses
Hint Réponse % Correct
t'
99%
T'
99%
J'
98%
j'
98%
Je
95%
je
95%
sauveur
95%
ton
94%
m'
92%
suis
92%
on
90%
On
90%
à
89%
a
89%
Dans
88%
dans
88%
de
88%
te
88%
tu
88%
Tu
88%
moi
87%
la
85%
me
85%
ta
85%
le
84%
un
84%
ce
83%
que
83%
Que
83%
es
82%
et
82%
Et
82%
n'
82%
ai
80%
Avec
80%
avec
80%
ma
80%
Ma
80%
sanctuaire
80%
Tes
80%
tes
80%
Bébé
79%
les
79%
peur
79%
sera
79%
une
79%
cœur
78%
colères
78%
Fais
78%
mes
78%
vastes
78%
âme
77%
Baby Au
77%
faut
77%
plus
77%
rien
77%
serai
77%
chagrin
76%
danser
76%
Ecoute
76%
est
76%
ouais
76%
perds
76%
qu'il
76%
confiance
75%
loin
75%
prend
75%
sombres
75%
tout
75%
as
74%
cacher
74%
évidence
74%
mots
74%
Parler
74%
pensées
74%
peurs
74%
appelle
73%
ardeur
73%
Comme
73%
penses
73%
Aucune
72%
pouvoir
72%
voix
72%
méfiance
71%
Donne-moi
70%
emmène
70%
libérer
70%
rejoins
70%
bois
69%
Dis-moi
67%
Ecoute-moi
67%
hauteur
67%
lumière
67%
si
67%
forte
66%
Prends
66%
faveurs
65%
Qu'elle
65%
disparaître
64%
ferai
64%
Laisse-moi
64%
pas
64%
prophétie
64%
malheurs
63%
mon
62%
bras
61%
douleur
61%
Il
61%
nuit
61%
tard
59%
Trop
59%
des
58%
fond
58%
tel
57%
Du
56%
du
56%
invitent
56%
vendu
56%
gars
55%
vois
55%
éblouit
53%
élève
53%
t'emmène
53%
y
53%
noies
52%
temps
52%
vainqueurs
52%
flammes
51%
milieu
51%
quand
51%
chaud
50%
abandonner
48%
sauver
48%
Ouh
46%
débat
44%
Suis-moi
42%
Laisse-nous
36%
Qu'emme
7%
Réponds-moi
3%
Aucun quiz correspondant
Distribution des résultats
% des personnes avec chaque résultat
Percentile par nombre de réponses
Votre historique - résultats
Vous n’avez pas pris ce quiz